Lebensbeschreibungen der ausgezeichnetste Maler, Bildhauer und Architekten der Renaissance /
Uložené v:
| Hlavný autor: | |
|---|---|
| Médium: | Kniha |
| Jazyk: | German |
| Vydané: |
Berlin :
Bard J.,
1920.
|
| Témy: | |
| ISBN: |
(viaz.) |
| Fyzický popis: |
446 s. |
| Tagy: |
Pridať tag
Žiadne tagy, Buďte prvý kto otaguje tento záznam!
|
Titul je dostupný aj v ... 

MARC
| LEADER | 00000nam a22000004a 4500 | ||
|---|---|---|---|
| 001 | 000463561 | ||
| 005 | 20150411110815.0 | ||
| 008 | 150411s1920 gw e 000 0 ger d | ||
| 020 | |a (viaz.) |c Kčs 22,00 | ||
| 040 | |a SVKKK |b slo |c SVKKK |e AACR2 | ||
| 041 | 0 | |a ger | |
| 044 | |a gw |c DE | ||
| 100 | 1 | |a Vasari, Giorgio |d 1511-1574 |4 aut | |
| 245 | 1 | 0 | |a Lebensbeschreibungen der ausgezeichnetste Maler, Bildhauer und Architekten der Renaissance / |c G. Vasari. |
| 260 | |a Berlin : |b Bard J., |c 1920. | ||
| 300 | |a 446 s. | ||
| 650 | 0 | 7 | |a maliari |2 SVKKKPH |
| 650 | 0 | 7 | |a sochári |2 SVKKKPH |
| 650 | 0 | 7 | |a architekti |2 SVKKKPH |
| 655 | 7 | |a biografie |2 SVKKKPH | |
| 910 | |a svkkk | ||
| 998 | |a BK | ||
| 090 | |g SCKHL |k Sklad Pribinova prízemie |a I.6263 |j 106010 |i 2720334589 |s Prezenčne | ||